THE CONCISE HANDBOOK OF HUMAN ANATOMY (Record no. 15541)

MARC details
000 -LEADER
fixed length control field 00330nam a22001457a 4500
003 - CONTROL NUMBER IDENTIFIER
control field SGT
020 ## - INTERNATIONAL STANDARD BOOK NUMBER
International Standard Book Number 978-1-874545-53-8
082 ## - DEWEY DECIMAL CLASSIFICATION NUMBER
Classification number 611
Item number C12M
100 ## - MAIN ENTRY--PERSONAL NAME
Personal name MCMINN, R.M.H.
245 ## - TITLE STATEMENT
Title THE CONCISE HANDBOOK OF HUMAN ANATOMY
260 ## - PUBLICATION, DISTRIBUTION, ETC. (IMPRINT)
Place of publication, distribution, etc INDIA
Name of publisher, distributor, etc MANSON PUB
Year of Publication 2012
300 ## - PAGE DESCRIPTION
No. of Pages 192
650 ## - SUBJECT ADDED ENTRY--TOPICAL TERM
Topical term or geographic name as entry element ANATOMY
942 ## - ADDED ENTRY ELEMENTS (KOHA)
Source of classification or shelving scheme Dewey Decimal Classification
Koha item type Books
942 ## - ADDED ENTRY ELEMENTS (KOHA)
-- 2
Holdings
Withdrawn status Lost status Source of classification or shelving scheme Damaged status Not for loan Collection code Home library Current library Shelving location Date acquired Vendor Name Cost, normal purchase price SGTU Bill Number Total Checkouts Full call number Accession No. (Barcode) Date last seen Bill Date Koha item type Date last borrowed
    Dewey Decimal Classification     MEDICAL SGT Medical Library SGT Medical Library Text Book 13/06/2018 ABC 695.00 SGTU 9732   611 C12M FM10666 13/06/2018 15/05/2018 Books  
    Dewey Decimal Classification     MEDICAL SGT Medical Library SGT Medical Library Text Book 13/06/2018 ABC 695.00 SGTU 9732 3 611 C12M FM10667 18/12/2025 15/05/2018 Books 11/12/2025
    Dewey Decimal Classification     MEDICAL SGT Medical Library SGT Medical Library Text Book 13/06/2018 ABC 695.00 SGTU 9732 1 611 C12M FM10668 03/01/2024 15/05/2018 Books 18/12/2023